| 000 | 01950cam a22002775a 4500 | ||
|---|---|---|---|
| 001 | 18152819 | ||
| 005 | 20170103105822.0 | ||
| 008 | 140515t2014 caua fr 001 0 eng d | ||
| 020 | _a9780128009628 | ||
| 040 |
_aDLC _beng _cDLC _dDLC _dEG-ScBUE |
||
| 082 | 0 | 4 |
_222 _a665.5071 _bPLA |
| 100 | 1 | _aPlayfoot, Jim. | |
| 245 | 1 | 0 |
_aEducation and training for the oil and gas industry : _bcase studies in partnership and collaboration / _cJim Playfoot, Phil Andrews. |
| 260 |
_aSan Diego ; _aWaltham : _bElsevier, _cc.2014. |
||
| 300 |
_axxv, 118 p. : _bill. ; _c24 cm. |
||
| 490 | 0 |
_aGetenergy guides ; _vv. 1 |
|
| 500 | _aIndex : p. 115-118. | ||
| 520 | _a"Education and Training for the Oil and Gas Industry: Case Studies in Partnership and Collaboration explores the way in which global standards in education within the oil and gas industry can be developed and implemented through partnership and collaboration. This volume considers the current political and economic context for this within oil and gas producing countries and maps out key stakeholders, explores current education and training provision, gathers perspectives from industry and from national oil companies and develop a manifesto for education and training in the oil and gas industry globally. The Getenergy Guides crystallizes the lessons and examples of best practice from ten years of interactions and engagements. It offers a blueprint for a unified, universal set of quality standards and collates the tools and techniques necessary to implement these standards in a way that all companies, training providers, educators and governments can embrace"-- | ||
| 650 | 0 |
_aOil industries _xEmployees _xTraining of. _2BUEsh |
|
| 650 | 0 |
_aPetroleum industry and trade _xEmployees _xTraining of. _2BUEsh |
|
| 650 | 0 |
_aEngineers _xEducation _vCase studies. _2BUEsh |
|
| 651 | _2BUEsh | ||
| 653 |
_bENGPET _cJanuary2017 |
||
| 700 | 1 |
_aAndrews, Phil _c(Owner, Getenergy Ltd.) |
|
| 942 | _2ddc | ||
| 999 |
_c23805 _d23777 |
||